000 00794cab a2200241 4500
001 WB3322-25
008 090401t1997 xxu||||| |||| 00| 0 eng d
035 _a(Sirsi) u78781
041 _aeng
245 _aOFT warns estate agents of obligations
260 _c1997
350 _a0
490 _aOFT Press Release
_v(14/97) 3 June 1997 (3)
520 _aThe Office of Fair Trading has warned estate agents to remember their legal obligations to consumers or risk being banned under the Estate Agents Act 1979. Particular concerns are highlighted.
650 _aESTATE AGENTS ACT 1979
650 _aESTATE AGENTS
650 _aMALPRACTICE
650 _aOFT
650 _aOFT
690 _aMANAGEMENT-BUSINESS MANAGEMENT-PROFESSIONAL PRACTICE
942 _n0
948 _c06/06/1997
999 _c49525
_d49525